000 00197 a2200097 4500
001 52554
100 _aGrey Anthony
245 _aSaigon
260 _aLondon
_bPan Books
_c
090 _c33041
_d33041
942 _aNUST-CAE
_cM
_c25605
999 _c287627
_d287627